Random Knowledge Quiz #10 - Statistics

General Stats
  • This quiz has been taken 264 times
  • The average score is 7 of 15
Answer Stats
Question Answer % Correct
Which store's name is an acronym for Ingvar Kamprad Elmtaryd Agunnaryd? IKEA
91%
What is the study of horoscopes called? Astrology
89%
In James Bond, what's the codename for the head of MI6? M
87%
What was the first planet to be found through mathematical predictions rather than telescopic location? Neptune
68%
Who is both a composer and a fictional dog? Beethoven
66%
Which animal has the highest recorded bite force of any animal? Saltwater crocodile
54%
Where can you find the world's nicest prisons? Norway
48%
What kind of animals are toms, mollies, queens, and dams? Cats
47%
What are you afraid of if you suffer from triskaidekaphobia? Number 13
37%
What business owns Bentley, Bugatti, Lamborghini, Audi, Ducati, and Porsche? The Volkswagen Group
36%
Finish this line: "Double, double toil and trouble; Fire burn and..." Cauldron bubble
26%
What is the first band to ever perform live on all seven continents? Metallica
20%
Which airport is also the largest chocolate outlet in the world? Brussels airport
13%
What is the most used hashtag on Instagram? Love
12%
How much was Paul McCartney paid for performing at the 2012 London Olympics Closing Ceremonies? 1 pound
7%
No matching quizzes found
Score Distribution
Percent of People with Each Score
Percentile by Number Answered
Your Score History
You have not taken this quiz